00426cam a2200157ua 45000010005000000080039000050400009000440820013000531000022000662450063000882500009001512600030001603000017001906530018002076530043002254030111213n ii |||gr||||Z||||||asm cMAIN a891.45111 aBorkataky, Biren,11aIngraj ramanyasik kabir kabya pratibhacby Biren Borkataki a2nd. aDibrugarh:bBanalata,986. a192p:c23cm. aAssamese poem aIngraj ramanyasik kabir kabya pratibha